Music Quiz

Random Music or Kpop Quiz

Click the n.cus members Quiz Stats

 Plays Quiz not verified by Sporcle

Support Sporcle.
Go Orange.
Score 0/12 Timer 04:00
0 Plays Today
% Correct
eos
78.3%
seokjin
71.7%
hojin
71.7%
myeong
70%
sungsub
70%
if
70%
seungyong
68.3%
hyeonmin
66.7%
euntaek
61.7%
hwan
60%
yuan
56.7%
soon
55%

You're not logged in!

Compare scores with friends on all Sporcle quizzes.
OR
Log In

From the Vault

MLB Playoff Sweeps

by adamm

Better luck next year, boys.
Remove Ads.
Support Sporcle.
Get the best of Sporcle when you Go Orange. This ad-free experience offers more features, more stats, and more fun while also helping to support Sporcle. Thank you for becoming a member.

Show Comments

Extras

Top Quizzes Today


Score Distribution

Your Account Isn't Verified!

In order to create a playlist on Sporcle, you need to verify the email address you used during registration. Go to your Sporcle Settings to finish the process.

Report this User

Report this user for behavior that violates our Community Guidelines.

Details: